Statistiken für Wertvollste Marken der Welt

Klicken Sie hier um das Quiz zu spielen!

Allgemein

  • Dieses Quiz wurde 1.368 mal gespielt
  • Das Durchschnittsergebnis liegt bei 9 aus 19

Antwortstatistiken

RangWert in Milliarden US DollarMarke% Korrekt
1480 $Apple
92%
587 $Samsung
77%
2278 $Microsoft
75%
1734 $Facebook
69%
1246 $Tesla
69%
3274 $Amazon
68%
4251 $Google
65%
1344 $BMW
59%
856 $Mercedes Benz
59%
1049 $Nike
47%
1635 $Instagram
39%
1148 $McDonald's
38%
659 $Toyota
31%
757 $Coca Cola
30%
1932 $SAP
20%
950 $Disney
19%
1833 $Intel
15%
1441 $Louis Vuitton
15%
1536 $Cisco
3%

Verteilung der Resultate

Perzentil nach korrekt beantworteten Fragen

Anzahl Personen mit jedem Resultat

Ihre Resultats-Entwicklung

Sie haben dieses Quiz noch nicht gespielt